书目信息 |
| 题名: |
旅游企业财务管理
|
|
| 作者: | 申思 , 何惠 主编 | |
| 分册: | ||
| 出版信息: | 郑州 郑州大学出版社 2006.06 |
|
| 页数: | 250页 | |
| 开本: | 24cm | |
| 丛书名: | ||
| 单 册: | ||
| 中图分类: | F590.66 | |
| 科图分类: | ||
| 主题词: | 旅游业--lu you ye--财务管理--高等教育--教材 | |
| 电子资源: | ||
| ISBN: | 7-81106-278-X | |
| 000 | 00988nam0 2200265 450 | |
| 001 | 012008590704 | |
| 005 | 20080602111750.62 | |
| 010 | @a7-81106-278-X@dCNY25.50 | |
| 100 | @a20080602d2006 em y0chiy0120 ea | |
| 101 | 0 | @achi |
| 102 | @aCN@b410000 | |
| 105 | @ay a 000yy | |
| 106 | @ar | |
| 200 | 1 | @a旅游企业财务管理@Alu you qi ye cai wu guan li@f申思, 何惠主编@Fshen si,he hui zhu bian |
| 210 | @a郑州@c郑州大学出版社@d2006.06 | |
| 215 | @a250页@d24cm | |
| 300 | @a高等教育旅游管理专业“十一五”规划教材 | |
| 320 | @a有书目 | |
| 330 | @a本书共10章,分别就旅游企业财务管理绪论,旅游企业筹资管理,旅游企业投资管理,旅游企业各类资产管理,成本费用、收入、利润及税金管理,旅游企业财务预算管理,旅游企业财务分析,旅游企业外汇管理等方面的内容进行了阐述。 | |
| 606 | 0 | @a旅游业@Alu you ye@x财务管理@x高等教育@j教材 |
| 690 | @aF590.66@v4 | |
| 701 | 0 | @a申思@Ashen si@4主编 |
| 701 | 0 | @a何惠@Ahe hui@4主编 |
| 801 | 0 | @aCN@bQSSK@c20080602 |
| 905 | @b722555-57@dF590.66@eS368@f3 | |
| 旅游企业财务管理/申思, 何惠主编.-郑州:郑州大学出版社,2006.06 |
| 250页;24cm |
| 高等教育旅游管理专业“十一五”规划教材 |
| ISBN 7-81106-278-X:CNY25.50 |
| 本书共10章,分别就旅游企业财务管理绪论,旅游企业筹资管理,旅游企业投资管理,旅游企业各类资产管理,成本费用、收入、利润及税金管理,旅游企业财务预算管理,旅游企业财务分析,旅游企业外汇管理等方面的内容进行了阐述。 |
| ● |
| 相关链接 |
|
|
|
正题名:旅游企业财务管理
索取号:F590.66/S368
 
预约/预借
| 序号 | 登录号 | 条形码 | 馆藏地/架位号 | 状态 | 备注 |
| 1 | 722555 | 207225554 | 社科库409/409社科库 39排3列5层/ [索取号:F590.66/S368] | 在馆 | |
| 2 | 722556 | 207225563 | 社科库409/409社科库 39排3列5层/ [索取号:F590.66/S368] | 在馆 | |
| 3 | 722557 | 207225572 | 社科二线422/409社科库 39排3列5层/ [索取号:F590.66/S368] | 在馆 |